000 00404nam a2200157Ia 4500
008 160316s1995 xxu||||| |||| 00| 0 eng d
082 _a373.000000
_bJEN
100 _aJensen Steffen
245 _aSecondary education in Denmark
250 _a
260 _aStrasbourg
_bCouncil of Europe
_c1995
300 _a65p
_b
_c
365 _b
650 _a1.Secondary Education System - Denmark
700 _a
_a
999 _c17200
_d17200